| 000 | 00356nam a2200133Ia 4500 | ||
|---|---|---|---|
| 008 | 100328s9999 xx 000 0 und d | ||
| 082 | _b2338 | ||
| 100 | _aSethi R.R | ||
| 245 | _aConstitutional History Of India | ||
| 260 | _bS.Chand & Company | ||
| 630 | _aConstitutional History Of India | ||
| 730 | _aConstitutional History Of India | ||
| 942 | _cBOOK | ||
| 999 |
_c498553 _d498550 |
||